Urban land economics

Bibliographic Details
Main Authors: Goldberg, Michael A. (Author), Chinloy, Peter (Author)
Format: Book
Language:English
Published: New York : John Wiley and Sons 1984
Edition:First edition
Subjects:

MARC

LEADER 00000cam a2200000 7i4500
001 0000001680
005 20240912.0
008 240503 nyu a eng
020 |a 047109286x (hardback) 
040 |a INS   |b eng   |e rda 
090 0 0 |a RHD205   |b .G64 1984 
100 1 |a Goldberg, Michael A. ,   |e author 
245 1 0 |a Urban land economics   |c Michael A. Goldberg, Peter Chinloy 
250 |a First edition 
264 1 |a New York :   |b John Wiley and Sons   |c 1984 
264 4 |c ©1984 
300 |a xxii, 566 pages :   |b illustrations ;   |c 24 cm. 
336 |a text  |2 rdacontent 
337 |a unmediated  |2 rdamedia 
338 |a volume  |2 rdacarrier 
500 |a Includes index 
650 0 |a Land use, Urban   |z United States 
700 1 |a Chinloy, Peter ,   |e author 
999 |a 0000000414   |b BOOK   |c Red Spot   |e Default branch